| 000 | 01592nam a22001937a 4500 | ||
|---|---|---|---|
| 001 | 113345 | ||
| 003 | DR-UNIBE | ||
| 005 | 20250318112858.0 | ||
| 008 | 250318b2009 dr ||||| |||| 00| 0 spa d | ||
| 040 |
_aBIBLIOTECA UNIBE _cBIBLIOTECA UNIBE _erda |
||
| 041 | _aspa | ||
| 082 | _aRD 384.3 M722g | ||
| 100 | 1 |
_aMolina, Luis E. _912616 _eautor |
|
| 245 | 1 | 0 |
_aGestión cultural : _bcomunicaciones, publicidad, conservación, la web 2.0, y las redes sociales para un nuevo enfoque de la acción cultural / _cLuis E. Molina |
| 260 |
_aSanto Domingo : _bSecretaría de Estado de Cultura, _c2009 |
||
| 300 |
_a121 páginas : _b ilustraciones, gráficas, tablas |
||
| 505 | _a A manera de introducción página | La situación actual | Las tics y su importancia en la gestión cultural | La concepción moderna en contraposición de la clásica | La promoción en los medios de comunicación | La comunicación integrada al servicio de la gestión cultural | La conservación cultural | Soportes modernos y futuros | Los discos compactos, dvds, y otros soportes | Valgo sobre el mp3 | La difusión cultural | Las bases de datos como elemento primordial | El uso de los medios de comunicación como base | Otros elementos y medios de promoción | La generación de recursos | El patrocinio | El mecenazgo | La autogeneración de recursos | A manera de conclusión: Un nuevo sistema de gestión cultural | Bibliografía | Web grafía | Anexo 1. Algunas experiencias | Anexo 2. Glosario de términos de internet | | ||
| 942 |
_2ddc _cBK |
||
| 999 |
_c113345 _d113345 |
||